Kraje z największą ilością Mistrzów UFC - Statystyki

Ogólne statystyki
  • Ten quiz został rozwiązany 153 razy
  • Średni wynik to 11 z 18
Statystyki odpowiedzi
Miejsce Ilość Tytułów Odpowiedź % Poprawnych
1. 52 USA
100%
2. 16 Brazylia
98%
10. 1 Polska
96%
3. 5 Rosja
94%
10. 1 Meksyk
80%
4. 3 Kanada
78%
4. 3 Australia
76%
4. 3 Gruzja
73%
4. 3 Anglia
69%
8. 2 Nigeria
65%
8. 2 Irlandia
60%
10. 1 RPA
56%
10. 1 Czechy
47%
10. 1 Holandia
41%
10. 1 Kamerun
33%
10. 1 Białoruś
31%
10. 1 ZEA
22%
10. 1 Palestyna
12%
Nie znaleziono quizów pasujących do podanych kryteriów
Rozkład punktacji
Procent ludzi z każdym wynikiem
Percentyl według liczby udzielonych odpowiedzi
Twoja historia wyników
Nie rozwiązałeś tego quizu